Renacimiento anacronista

Salvato in:
Dettagli Bibliografici
Autori principali: Nagel, Alexander (autor), Wood, Christopher S (Autore)
Natura: Libro
Lingua:spagnolo
Pubblicazione: Madrid Akal 2017
Edizione:1a. ed
Serie:Arte y Estética, 91
Soggetti:
Tags: Aggiungi Tag
Nessun Tag, puoi essere il primo ad aggiungerne!!

MARC

LEADER 00000cam a2200000 a 4500
001 UCC4700
003 CL-VaPUC
008 180824e20170000sp |||||||||||||||||spa|d
020 |a 9788446045076 
082 0 4 |a 709.024  |b NAG  |2 21 
100 |a Nagel, Alexander  |e autor  |9 598888 
700 0 |a Wood, Christopher S  |e author  |9 598889 
245 1 0 |a Renacimiento anacronista 
250 |a 1a. ed 
300 |a 422 p 
942 |c BK 
945 |d 20180824 13:39:00  |a dcastane 
260 |a Madrid  |b Akal  |c 2017 
650 0 |a Arte renacentista   |9 264949 
650 0 |a Arquitectura renacentista   |9 265337 
583 |a last modification  |c 20180824 13:39:00  |k Rodrigo Vera 
490 0 |a Arte y Estética, 91 
999 |c 372118  |d 372116 
952 |0 0  |1 0  |3 erb  |4 0  |6 709_024000000000000_NAG_2017  |7 0  |8 A  |9 489383  |a BIBART  |b BIBART  |i 5490847  |o 709.024 NAG 2017  |p 5490847  |r 2025-03-13  |w 2019-11-24  |y BK  |z Catalogado en:20180824  |k ART